Poder político y derecho en la Roma clásica

Salvato in:
Dettagli Bibliografici
Autore principale: Paricio, Javier (autor)
Natura: Libro
Lingua:spagnolo
italiano
Pubblicazione: Madrid Complutense 1996
Serie:Colección Cursos de Verano de El Escorial
Soggetti:
Tags: Aggiungi Tag
Nessun Tag, puoi essere il primo ad aggiungerne!!

MARC

LEADER 00000nam a2200000 a 4500
001 UCO7811
003 CL-VaPUC
008 001124e19960000SP |||||||||||||||||spa|d
041 0 7 |a spa  |2 CL-VaPUC 
041 0 7 |a ita  |2 CL-VaPUC 
082 0 4 |a 340.54  |b PAR  |2 21 
100 |a Paricio, Javier  |e autor  |9 583686 
245 1 0 |a Poder político y derecho en la Roma clásica 
300 |a 208 p 
942 |c BK 
945 |d 20001124 00:00:00  |a vberengu 
260 |a Madrid  |b Complutense  |c 1996 
650 0 |a Derecho privado romano  |9 452564 
650 0 |a Jurisprudencia romana  |9 393300 
650 7 |a ORDENAMIENTO JURIDICO ROMANO  |2 CL-VaPUC  |9 452565 
650 0 |a Poder político  |9 255509 
583 |a last modification  |c 20001124 00:00:00  |k Rodrigo Vera 
490 0 |a Colección Cursos de Verano de El Escorial 
999 |c 292684  |d 292682 
952 |0 0  |1 0  |4 0  |6 340_540000000000000_PAR_1996  |7 0  |8 DER_ROM  |9 343734  |a BIBDER  |b BIBDER  |d 2019-11-20  |i 3670449  |o 340.54 PAR 1996  |p 3670449  |r 2023-01-25  |w 2019-11-20  |x Ubicación 4to piso  |y BK  |z Este recurso debe solicitarse con anticipación  |k DER